00249nam a2200109Ia 4500008004100000041000800041082001200049100001300061245002700074260001600101650002200117220803s9999 xx 000 0 und d aeng a720 ZAG aZagasi F aBiblotheca Alexndrina. bUNESCO Pub. aMaster Architects